Vista normal
Vista MARC
- Pérez Molina, Ana María
Entrada Personal Name
Número de registros utilizados en: 1
001 - CONTROL NUMBER
- control field: 10086
003 - CONTROL NUMBER IDENTIFIER
- control field: OSt
005 - DATE AND TIME OF LATEST TRANSACTION
- control field: 20160523094643.0
008 - FIXED-LENGTH DATA ELEMENTS
- fixed length control field: 160523|| aca||aabn | a|a d
040 ## - CATALOGING SOURCE
- Original cataloging agency: OSt
- Transcribing agency: OSt
100 ## - HEADING--PERSONAL NAME
- Personal name: Pérez Molina, Ana María
670 ## - SOURCE DATA FOUND
- Source citation: Work cat.: (OSt): Pérez Molina, Ana María, Informe de práctica supervisada realizado en Banco Popular de Desarrollo Comunal, 2014